| 000 | 00717nam a22002057a 4500 | ||
|---|---|---|---|
| 999 |
_c18749 _d18749 |
||
| 003 | AR-CdUCM | ||
| 008 | 190515b ||||| |||| 00| 0 spa d | ||
| 040 |
_aMUNICIPALIDAD PROVINCIAL DEL CUSCO _cBIBLIOTECA MUNICIPAL DEL CUSCO |
||
| 082 |
_a726.0985 / _bC89 |
||
| 100 |
_aSan Cristobal Sebastian, Antonio _939528 |
||
| 245 | _aArquitectura virreynal religiosa de Lima / | ||
| 260 |
_aLima : _bStudium, _c1988. |
||
| 300 |
_a400 páginas ; _c24 cm. |
||
| 505 | _aContenido : De la arquitectura de Lima -- La catedral -- Arquitectura y ornamentación ... | ||
| 650 |
_aArquitectura _93356 |
||
| 650 |
_aOrnamentación _95872 |
||
| 650 |
_aCatedral de Lima _939529 |
||
| 942 |
_2ddc _cLIBROS |
||
| 945 |
_arah _d2019/05/15 |
||